000 05692cam a2200541 i 4500
001 on1078955030
003 TZ-ArACH
005 20250516170551.0
008 181207s2019 nyu b 001 0 eng
010 _a 2018058259
015 _aGBB9C9848
_2bnb
016 7 _a019483042
_2Uk
020 _a9780190900861
_qhardcover
_qalkaline paper
020 _a0190900865
_qhardcover
_qalkaline paper
035 _a(OCoLC)1078955030
_z(OCoLC)1099999485
040 _aDLC
_beng
_erda
_cTZ-ArACH
042 _apcc
043 _an------
_as------
049 _aTZAA
050 0 0 _aKDZ574
_b.C38 2019
100 1 _aCavallaro, James,
_eauthor.
245 1 0 _aDoctrine, practice, and advocacy in the Inter-American human rights system /
_cJames L. Cavallaro, Claret Vargas, Clara Sandoval, Bernard Duhaime with Caroline Bettinger-Lopez, Stephanie Erin Brewer, Diana Guzmán & Cecilia Naddeo.
260 _aNew York, NY :
_bOxford University Press;
_c2019.
300 _aviii, 958 pages ;
_c27 cm
504 _aIncludes bibliographical references and index.
505 0 _aIntroduction: Doctrine, practice, and advocacy in the Inter-American human rights system -- Evolution of the system : the Inter-American Commission and Court -- Petitioning the Inter-American system : admissibility requirements for contentious cases -- Jurisdiction beyond contentious cases : what else can the system do? -- Mass atrocity, contemporary responses and transitional justice -- The right to life -- Emergency, armed conflict, and human rights protections in the Inter-American system -- Detention and conditions in detention centers -- The rights to physical integrity, freedom from torture, and freedom from third-party violence -- Women's rights, gender, and sexuality -- The rights of children -- Indigenous and tribal peoples' rights and the Inter-American system -- Freedoms of belief, expression, assembly, and association -- Economic, social, and cultural rights -- Reparations and compliance -- The future of the Inter-American human rights system.
520 _a"[This book focuses] on the inter-American human rights system, the primary system for advancing and protecting rights in the Western hemisphere. Created by the Organization of American States, the Inter-American Commission on Human Rights and the Inter-American Court of Human Rights are autonomous and independent bodies that make up the inter-American system. Together, they play a vital role, working closely with victims, civil society, and states to protect fundamental human rights in the Western hemisphere, particularly in Latin America. While the system is relatively unknown in legal academia in the United States and Canada, its study is mandatory in most law schools in the Americas. Government appointees, civil servants, high level actors, private attorneys, judges and legal scholars, and media regularly engage with the system in Latin America, implementing its determinations and applying its rulings and interpretations concerning the human rights of their citizens. Thus critical matters affecting vital rights, such as the peace process in Colombia, disappearances in Mexico, gang violence in the Northern Triangle (El Salvador, Honduras, and Guatemala) or trials for perpetrators of crimes against humanity in Argentina, all directly involve the rulings and actors of the Inter-American system. Increasingly, the inter-American system has advanced rights protection in the United States and Canada. The statements and determinations of the Inter-American Commission on the detention center at Guantanamo, for example, led to a global consensus opposing the prolonged use of pretrial detention at that site, while the Commission's ruling on the juvenile death penalty was cited by the United States Supreme Court in its holding finding that practice unconstitutional. A report by the Commission on murdered and missing indigenous women in British Columbia led to the creation of a National Commission of Inquiry on the subject by Canada. This book provides analysis on a wide range of practical issues that advocates face when interacting with the Commission or Court and explores current debates on possible reforms of the system. At the same time, it provides materials that consider the political dynamics that empower and constrain the system. [This book] takes as its point of departure a critical look at the real-world successes and failures of the system and human rights advocates in the Americas, including the tensions and trade-offs commonly confronted by activists as they seek to advance human rights."--
610 2 0 _aInter-American Commission on Human Rights.
_91393
610 2 0 _aInter-American Court of Human Rights.
610 2 7 _aInter-American Commission on Human Rights.
_2fast
_91393
610 2 7 _aInter-American Court of Human Rights.
_2fast
650 0 _aHuman rights
_zAmerica.
650 7 _aHuman rights.
_2fast
650 7 _aAmericas.
_2pplt
650 7 _aHuman rights.
_2pplt
650 7 _aInter-American Court of Human Rights.
_2pplt
650 7 _aInter-American Commission on Human Rights.
_2pplt
651 7 _aAmerica.
_2fast
700 1 _aVargas, Claret,
_eauthor.
700 1 _aSandoval Villalba, Clara,
_eauthor.
700 1 _aDuhaime, Bernard,
_eauthor.
700 1 _aBettinger-L�opez, Caroline,
_eauthor.
700 1 _aBrewer, Stephanie Erin,
_eauthor.
700 1 _aGuzm�an, Diana Esther,
_eauthor.
700 1 _aNaddeo, Cecilia Cristina,
_eauthor.
776 0 8 _aCavallaro, James.
_tDoctrine, practice, and advocacy in the inter-American human rights system.
_dNew York, NY : Oxford University Press, [2019]
_z9780190900861
_w(OCoLC)1149013950
942 _2lcc
_cBOOK
999 _c6176
_d6176